| 000 | 00655nam a2200181Ia 4500 | ||
|---|---|---|---|
| 008 | 100920s9999 xx 000 0 und d | ||
| 082 |
_b102379 _a891.464 न 08 |
||
| 100 | _aसिंग डी .एन.बी. | ||
| 245 | _aपालकाचा प्रेमळ स्पर्श. | ||
| 260 |
_bमेहता पब्लि. हाऊस , पुणे. _c2008 |
||
| 300 |
_a69 _bसाधी |
||
| 365 | _b70 | ||
| 520 | _aनिबंध. | ||
| 630 | _aपालकाचा प्रेमळ स्पर्श. | ||
| 650 | _aनिबंध. | ||
| 730 | _aपालकाचा प्रेमळ स्पर्श. | ||
| 942 | _cBOOK | ||
| 999 |
_c742812 _d742809 |
||